000 00530nam a2200193Ia 4500
003 0100
005 20150930151441.0
008 130303s9999 xx 000 0 und d
040 _cARRUPELIB
050 _aBX2350.2A8 1990
100 _aAu, Wilkie
_919997
245 _aBy way of the heart
_cby Au, Wilkie
245 _bToward a hostilic Christian spirituality
260 _aLondon
260 _bGeoffrey Chapman
300 _a219p.;
_c23cm.
650 _aSpiritual life
_xcatholic authors
_95665
942 _2lcc
_cMONOGRAPH
999 _c20545
_d20545